[Event "Ferrol op 32th"]
[Site "Ferrol"]
[Date "2017.07.18"]
[Round "3"]
[White "Chen Lin, Yan Qing"]
[Black "Vargas Diaz, Antonio"]
[Result "0-1"]
[WhiteElo "1522"]
[BlackElo "1864"]
[PlyCount "80"]
[EventDate "2017.07.16"]
[EventType "swiss"]
[EventRounds "9"]
[EventCountry "ESP"]
[SourceTitle "EXT 2024"]
[Source "ChessBase"]
[SourceDate "2023.10.10"]
[SourceVersion "1"]
[SourceVersionDate "2023.10.10"]
[SourceQuality "1"]

1. e4 e5 2. Nf3 Nf6 3. Nxe5 d6 4. Nf3 Nxe4 5. Qe2 Qe7 6. d3 Nc5 7. Nc3 c6 8. Bg5 f6 9. Qxe7+ Bxe7 10. Bh4 d5 11. 0-0-0 Bg4 12. Be2 0-0 13. h3 Bh5 14. g4 Bg6 15. Bg3 a5 16. a4 Nbd7 17. Nh4 d4 18. Nxg6 hxg6 19. Ne4 Nxa4 20. h4 f5 21. gxf5 gxf5 22. Ng5 f4 23. Bh2 Bxg5 24. hxg5 Ne5 25. Bh5 g6 26. Be2 Rae8 27. Rdg1 Nb6 28. Bd1 Nd5 29. Re1 Nb4 30. Kd2 Kg7 31. Re4 Nc4+ 32. Kc1 Rxe4 33. dxe4 d3 34. c3 d2+ 35. Kb1 Nd3 36. Rf1 Ne1 37. b3 Ne5 38. f3 N5xf3 39. Bxf3 Nxf3 40. Bg1 Ne1 0-1

[Event "Ferrol op 31th"]
[Site "Ferrol"]
[Date "2016.07.22"]
[Round "5"]
[White "Chen Lin, Yan Qing"]
[Black "Mira Gonzalez, Angel"]
[Result "1-0"]
[WhiteElo "1536"]
[BlackElo "1193"]
[PlyCount "79"]
[EventDate "2016.07.18"]
[EventType "swiss"]
[EventRounds "9"]
[EventCountry "ESP"]
[SourceTitle "EXT 2024"]
[Source "ChessBase"]
[SourceDate "2023.10.10"]
[SourceVersion "1"]
[SourceVersionDate "2023.10.10"]
[SourceQuality "1"]

1. e4 g6 2. d4 d6 3. Nf3 Nf6 4. Bd3 Bg7 5. 0-0 0-0 6. Qe2 Bg4 7. h3 Bd7 8. Rd1 a6 9. c4 b5 10. e5 Ne8 11. cxb5 axb5 12. Bxb5 Bxb5 13. Qxb5 c6 14. Qe2 Qa5 15. e6 Nc7 16. exf7+ Rxf7 17. Ng5 Qb5 18. Qxb5 Nxb5 19. Nxf7 Kxf7 20. d5 Nd4 21. Nc3 cxd5 22. Be3 Nc2 23. Rac1 Nxe3 24. fxe3 Bh6 25. Kf2 e6 26. a3 Nd7 27. Nb5 Rf8 28. Rc7 Ke7+ 29. Ke2 Rb8 30. a4 Bg7 31. b3 Kd8 32. Rf1 Rxb5 33. Rxd7+ Kxd7 34. axb5 Bh6 35. Rf7+ Kc8 36. Rxh7 Bg5 37. Rg7 Bd8 38. Rxg6 Kb7 39. Rxe6 Bc7 40. Re7 1-0